000 00321nam a2200145Ia 4500
008 230718s9999 xx 000 0 und d
041 _aEng.
082 _a824
_bCAR-T
100 _aCarr Bob
245 0 _aThought lines
260 _aPakistan
_bPenguin book Rubis
_c2002
300 _a394
650 _aLaw
999 _c26627
_d26627